000 00504nam a2200169 i 4500
001 32111
003 ES-MaACL
005 20230906154520.0
007 t|
008 030221s1906 ho ||||1| spa d
110 1 _aHonduras.
_94586
240 0 _aLey de inmigración (
_d1906)
245 1 0 _aLey de inmigración, 1906 /
_cRepública de Honduras.
260 _aTegucigalpa :
_bTipografía Nacional,
_c1906.
300 _aIV, 7 p. ;
_c27 cm.
852 _aES-MaACL
_jG-3332
_q. - Encuadernado con otras obras
999 _c32111
_d32111